000
00301 a2200109 4500
000
nam a22 7a 4500
100
_a
राठी, सुमन
110
_a
राठी, सुमन
245
_a
टुकड़े टुकड़े स्वाद
250
_a
Latest edition
942
_c
BK
999
_c
396524
_d
396524